000 00332 a2200169 4500
001 56834
020 _a8532252427
040 _cAnchieta - Pituba
100 _aGaldino, Luiz
240 1 0 _aMedéia
_lpor
245 1 0 _aMedéia
300 _a112
362 0 _a2005
440 1 _aFTD
650 4 _aLiteratura juvenil
942 _cBK
999 _c56834
_d56834